00996naa a2200373 a 450000100080000000500110000800800410001910000180006024500940007826000090017265300130018165300110019465300110020565300280021665300160024465300130026065300140027365300280028765300170031565300170033265300180034965300140036765300120038165300110039365300110040465300130041565300140042865300100044270000190045270000240047170000190049570000240051477300840053810226462002-12-10 1999 bl uuuu u00u1 u #d1 aPEIXOTO, J.R. aAvaliacao de genotipos de tomateiro tipo Santa Cruz no periodo de verao, em Araguari, MG. c1999 aAraguari aBrasil aBrazil aCompeticao de variedade aCompetition aGenotipo aGenotypes aLycopersicon esculentum aMinas Gerais aProductivity aProdutividade aQualidade aQuality aSummer aTomate aTomatoes aVarieties aVerao1 aSILVA, R.P. da1 aRODRIGUES, F. de A.1 aJULIATTI, F.C.1 aCECILIO FILHO, A.B. tPesquisa Agropecuaria Brasileira, Brasiliagv.34, n.12, p.2253-2257, dez. 1999.